首尔首都圈所有轨道交通线路 Every Operating Rail Line in Seoul Metropolitan Area - Statistics

General Stats
  • This quiz has been taken 9 times
  • The average score is 19 of 25
Answer Stats
线路 % Correct
1号线
100%
2号线
100%
3号线
100%
4号线
100%
5号线
100%
6号线
100%
7号线
100%
8号线
100%
9号线
100%
京义中央线
83%
水仁盆唐线
83%
议政府轻电铁
83%
仁川1号线
83%
新盆唐线
67%
仁川机场铁路
67%
金浦都市铁道
67%
京春线
67%
京江线
67%
仁川2号线
67%
仁川机场磁浮
50%
牛耳新设线
50%
龙仁轻电铁
50%
西海线
50%
广域快速列车A路线
33%
新林线
17%
No matching quizzes found
Score Distribution
Percent of People with Each Score
Percentile by Number Answered
Your Score History
You have not taken this quiz